000 00650nam a2200241 i 4500
001 C2-0302708
003 PPAK
005 20180728083733.0
008 100207s2008 enka|||| ||||| | eng d
020 _a9780727866189
040 _aPPAK
_beng
_cPPAK
_erda
082 0 4 _a813.54
_223
090 0 0 _a813.54
_bWRI
_dLCK
100 1 _aWright, Sally S.,
_eauthor
245 1 0 _aWatches of the night
264 1 _aGreat Britain :
_bSevern House ,
_c2008
300 _a245 pages :
_billustrations ;
_c22 cm
336 _2rdacontent
_atext
337 _2rdamedia
_aunmediated
338 _2rdacarrier
_avolume
650 1 0 _aArchivists
942 _ddc
_cB
999 _c106263
_d106263